| 000 | 00540cab a2200193 4500 | ||
|---|---|---|---|
| 001 | WB2320-18 | ||
| 008 | 090401t1987 xxu||||| |||| 00| 0 eng d | ||
| 035 | _a(Sirsi) u49666 | ||
| 041 | _aeng | ||
| 245 | _aFarmland investment analysis | ||
| 260 | _c1987 | ||
| 350 | _a0 | ||
| 490 |
_aFarmers' Weekly _v106 (19) 15/5/87 p60 |
||
| 520 | _aAccording to Savills Investment Property Databank analysis, tenanted farmland is hardly worth the investment. | ||
| 650 | _aINSTITUTIONS | ||
| 690 | _aLAND | ||
| 942 | _n0 | ||
| 948 | _c04/03/1997 | ||
| 999 |
_c31095 _d31095 |
||